=LDR 00000nam 2200000 4500 =001 INLIS000000000033595 =005 20130612135535 =008 ***********************************ind** =035 ##$$0010-061300000033595 =041 ##$$a ind =082 ##$$a 635.9 =090 ##$$a 635.9, Pit b =100 ##$$a PITOYO, Setiyo, Ir =245 ##$$a Bunga Kantil, Ir. Setijo Pitoyo =260 ##$$a 1994 $b Yogyakarta =300 ##$$a 80 hlm, ilus, 21 cm =850 ##$$a NBPNMAT